| 000 | 00465nam a2200097Ia 4500 | ||
|---|---|---|---|
| 008 | 180130s9999 xx 000 0 und d | ||
| 245 |
_cStewart, Paul _aLean production and globalization: a 'revolutionary' management agenda and the re-making of labour intensification? |
||
| 260 | _c2014 | ||
| 300 | _aBook title: International human resource management : an employment relations perspective--Acession number C18843; pages 137-158 | ||
| 650 | _aHUMAN RESOURCE MANAGEMENT | ||
| 999 |
_c353685 _d353685 |
||